5HLuxD.jpg

KING HENRY VIII SENIOR AND PRIMARY SCHOOL LIBRARY OPAC

The treasure of way down deep / (Record no. 3092)

000 -LEADER
fixed length control field 00593nam a22002057a 4500
005 - DATE AND TIME OF LATEST TRANSACTION
control field 20231005091643.0
008 - FIXED-LENGTH DATA ELEMENTS--GENERAL INFORMATION
fixed length control field 231005b ||||| |||| 00| 0 eng d
020 ## - INTERNATIONAL STANDARD BOOK NUMBER
International Standard Book Number 9781250073334
040 ## - CATALOGING SOURCE
Transcribing agency KH8
082 ## - DEWEY DECIMAL CLASSIFICATION NUMBER
Classification number FIC WHI
100 ## - MAIN ENTRY--PERSONAL NAME
Personal name White, Ruth,
Dates associated with a name 1942-
Relator term Author
245 ## - TITLE STATEMENT
Title The treasure of way down deep /
Statement of responsibility, etc. Ruth White
260 ## - PUBLICATION, DISTRIBUTION, ETC.
Place of publication, distribution, etc. New York,
Name of publisher, distributor, etc. Square Fish,
Date of publication, distribution, etc. 2016
300 ## - PHYSICAL DESCRIPTION
Extent 165 pages :
Dimensions 20 cm
Accompanying material map ;
521 ## - TARGET AUDIENCE NOTE
Target audience note <br/>Ages 10-14. 850L
650 ## - SUBJECT ADDED ENTRY--TOPICAL TERM
Topical term or geographic name entry element Boardinghouses
650 ## - SUBJECT ADDED ENTRY--TOPICAL TERM
Topical term or geographic name entry element Boardinghouses
Form subdivision Fiction
650 ## - SUBJECT ADDED ENTRY--TOPICAL TERM
Topical term or geographic name entry element Boardinghouses
Form subdivision Juvenile
General subdivision fiction
942 ## - ADDED ENTRY ELEMENTS (KOHA)
Source of classification or shelving scheme
Koha item type Books - Fiction
Holdings
Withdrawn status Lost status Source of classification or shelving scheme Damaged status Not for loan Collection code Permanent Location Current Location Shelving location Date acquired Total Checkouts Full call number Barcode Date last seen Date last checked out Price effective from Koha item type
          Fiction KH8 Primary School Library KH8 Primary School Library Fiction 2023-10-05 5 FIC WHI KHPL000004302 2025-12-05 2024-11-21 2023-10-05 Books - Fiction

Powered By KH8 IT Dept